Ισότητα και τα δίκαια των γυναικών

Αποθηκεύτηκε σε:
Λεπτομέρειες βιβλιογραφικής εγγραφής
Κύριος συγγραφέας: Wolgast, Elizabeth Hankins, 1929-2020
Άλλοι συγγραφείς: Λαμπροπούλου, Βούλα Ιω (trlf)
Μορφή: Βιβλίο
Γλώσσα:Greek
English
Δημοσίευση: Αθήνα : Δέσποινα Μαυρομμάτη, 1991.
Θέματα:
Ετικέτες: Προσθήκη ετικέτας
Δεν υπάρχουν, Καταχωρήστε ετικέτα πρώτοι!

MARC

LEADER 00000cam a2200000 i 4500
001 1/25373
008 060301s1991 gr | ||| |||| ||gre||
035 |l 10082897 
040 |a GR-MyUA  |b gre  |e AACR2 
041 1 |a gre  |h eng 
082 0 |a 346.0134  |2 (22) 
100 1 |a Wolgast, Elizabeth Hankins,   |d 1929-2020. 
245 1 0 |a Ισότητα και τα δίκαια των γυναικών /   |c Elizabeth H. Wolgast ; μετάφραση Βούλα Λαμπρούλου.  
260 |a Αθήνα :   |b Δέσποινα Μαυρομμάτη,   |c 1991.  
300 |a 160 σ. ;   |c 21 εκ.  
500 |a Μετάφραση από τα αγγλικά 
500 |a Τίτλος πρωτοτύπου: Equality and the rights of women.  
504 |a Περιέχει βιβλογραφία (σ. 156-160).  
650 0 0 |a Women's rights  |z United States. 
650 0 0 |a Equality. 
650 0 0 |a Women  |x Legal status, laws, etc.  |z United States. 
700 1 |a Λαμπροπούλου, Βούλα Ιω.  |e trlf 
852 |a INST  |b LESVOS  |e 20060301  |h 346.0134 WOL  |p 005100034648  |q 005100034648  |t BK  |y 0 
901 |a BIBL1-2006-3 
970 |a ΚΑΡΑ  |b ΓΙΑΣΕΜΗ  |z 2006/03/01